Le mal-etre juif : entre repli, assimilation & manipulations
Αποθηκεύτηκε σε:
| Κύριος συγγραφέας: | |
|---|---|
| Μορφή: | Βιβλίο |
| Γλώσσα: | French |
| Δημοσίευση: |
Marseille :
Agone,
c2003.
|
| Θέματα: | |
| Ετικέτες: |
Προσθήκη ετικέτας
Δεν υπάρχουν, Καταχωρήστε ετικέτα πρώτοι!
|
MARC
| LEADER | 00000nam a2200000 a 4500 | ||
|---|---|---|---|
| 001 | 1/125843 | ||
| 008 | 230112s2003####fr | ||| |||| ||fre|| | ||
| 020 | |a 2748900170 | ||
| 040 | |a GR-MyUa |b gre |c GR-MyUa |e AACR2 | ||
| 041 | 0 | |a fre | |
| 082 | 7 | |a 305.8924044 |2 (23) | |
| 100 | 1 | |a Vidal, Dominique, |d 1950- | |
| 245 | 1 | 3 | |a Le mal-etre juif : |b entre repli, assimilation & manipulations / |c Dominique Vidal. |
| 260 | |a Marseille : |b Agone, |c c2003. | ||
| 300 | |a 127 σ. ; |c 18 εκ. | ||
| 650 | 0 | |a Antisemitism |z France. | |
| 650 | 0 | |a Holocaust, Jewish (1939-1945) |x Influence. | |
| 852 | |a INST |b LESVOS |e 20230112 |h 305.8924044 VID |p 005100063981 |q 005100063981 |t BK |y 0 | ||
| 970 | |a Καμάτσου |b Δέσποινα |z 12-01-2023 | ||